000 00299 a2200145 4500
001 180768
020 _a
040 _cMagnum
100 _aLa Fontaine
240 1 0 _aO sapateiro remendao
_lpor
245 1 0 _aO sapateiro remendao
362 0 _a1899
697 _aMAGNITO: I/FABULAS
942 _cBK
999 _c180768
_d180768